000 00429nam a2200169Ia 4500
001 6172
003 IN-NITTTR
005 20251114233016.0
008 251113s9999||||xx |||||||||||||| ||eng||
040 _beng
040 _cIN-NITTTR
041 _aeng
082 _a510.212 B917H
100 _aBurington, Richard Stevens
245 0 _aHandbook of mathematical tables and formulas /
_cBurington, Richard Stevens
942 _2ddc
_cBK
999 _c8810
_d8810